00558nam a2200169 a 450000500170000002000180001710000180003524500260005326000430007904100080012265000190013065000130014952001580016230000180032054600310033808200190036920260702183512.0 a97896312345781 aOrban, Balazs10aA Szekelyfold leirasa aSzekelyudvarhelybErdelyi Muzeumc20160 ahun 0aIstorie locala 0aHarghita aLucrare monografică despre Ținutul Secuiesc: geografie, istorie, etnografie și monumente — reper fundamental pentru istoria locală a Harghitei. a6 vol.c24 cm aText în limba maghiară04a908(498.4) ORB